Le roman de la momie

Պահպանված է:
Մատենագիտական մանրամասներ
Հիմնական հեղինակ: Gautier, Théophile
Ձևաչափ: Գիրք
Լեզու:Undetermined
Հրապարակվել է: Belgique CLE International 1996
Խորագրեր:
Ցուցիչներ: Ավելացրեք ցուցիչ
Չկան պիտակներ, Եղեք առաջինը, ով նշում է այս գրառումը!

MARC

LEADER 00000nam a2200000Ia 4500
008 170316s9999 xx 000 0 und d
040 |a cru BVZT 
090 |a 840 G-3r 
100 |a Gautier, Théophile 
245 |a Le roman de la momie 
260 |a Belgique 
260 |b CLE International 
260 |c 1996 
300 |a 63 páginas 
650 |a LITERATURA FRANCESA 
650 |a LECTURES CLE EN FRANÇAIS FACILE (LECTURA FÁCIL) 
999 |c 7708  |d 7708 
942 |c 15 D  |h 840 G-3r  |2 z